| 000 | 00479nam a2200169 i 4500 | ||
|---|---|---|---|
| 001 | 135416 | ||
| 003 | ES-MaACL | ||
| 005 | 20230906194858.0 | ||
| 007 | t| | ||
| 008 | 070717s1950 sp ||||1| spa d | ||
| 080 | _a86-14"19" | ||
| 100 | 1 |
_aTorre, Alfonsa de la. _9110726 |
|
| 245 | 1 | 0 |
_aOratorio de San Bernardo / _cAlfonsa de la Torre. |
| 260 |
_aMadrid : _b[s.n.], _c1950 ( _fSilverio Aguirre) |
||
| 300 |
_a96 p. : _bil. ; _c25 cm. |
||
| 852 |
_aES-MaACL _jD-7091 _bR.30476 |
||
| 999 |
_c135416 _d135416 |
||